UM Logo

A travel to the literature of the world/ (Record no. 2240)

MARC details
000 -LEADER
fixed length control field 00515nam a22001577a 4500
008 - FIXED-LENGTH DATA ELEMENTS--GENERAL INFORMATION
fixed length control field 160503b xxu||||| |||| 00| 0 eng d
020 ## - INTERNATIONAL STANDARD BOOK NUMBER
International Standard Book Number 971086856x
082 ## - DEWEY DECIMAL CLASSIFICATION NUMBER
Edition number 2007
Classification number DFil 800
Item number T11
100 ## - MAIN ENTRY--PERSONAL NAME
9 (RLIN) 7332
Personal name Tabotabo, Claudio V.
245 ## - TITLE STATEMENT
Title A travel to the literature of the world/
Statement of responsibility, etc. Claudio V. Tabotabo
260 ## - PUBLICATION, DISTRIBUTION, ETC. (IMPRINT)
Place of publication, distribution, etc. Mandaluyong City:
Name of publisher, distributor, etc. National Book Store,
Date of publication, distribution, etc. c2007.
300 ## - PHYSICAL DESCRIPTION
Extent xviii, 361 pages:
Other physical details illustrations;
Dimensions 22.5 cm.
500 ## - GENERAL NOTE
General note Include references.
650 #0 - SUBJECT ADDED ENTRY--TOPICAL TERM
9 (RLIN) 7328
Topical term or geographic name as entry element World literature
942 ## - ADDED ENTRY ELEMENTS (KOHA)
Source of classification or shelving scheme Dewey Decimal Classification
Koha item type Filipiniana
Holdings
Withdrawn status Lost status Source of classification or shelving scheme Damaged status Not for loan Collection code Home library Current library Shelving location Date acquired Source of acquisition Total Checkouts Full call number Barcode Date last seen Date last checked out Price effective from Koha item type
    Dewey Decimal Classification     Filipiniana UM Digos College - LIC UM Digos College - LIC Book Cart 10/24/2008 Purchased 1 DFil 800 T11 2007 19929 06/08/2021 06/20/2019 05/03/2016 Filipiniana